=LDR 00000nam 2200000 4500 =001 INLIS000000000003250 =005 20130612091546 =008 ***********************************Ind** =035 ##$$0010-061300000003250 =041 ##$$a Ind =082 ##$$a 613.96 =090 ##$$a 613.96, Asm r =100 ##$$a Asmara, Widya =245 ##$$a Rahasia kamasutraversi cina / Widya Asmara. -- =260 ##$$a 1999 $b Pekalongan : Gunung Mas =300 ##$$a 88 hlm. : ilus. ; 21 cm =650 ##$$a Kesehatan seks =850 ##$$a NBPNMAT